=LDR 00000nam 2200000 4500 =001 INLIS000000000034541 =005 20130612140438 =008 ***********************************Ind** =035 ##$$0010-061300000034541 =041 ##$$a Ind =082 ##$$a 813 =090 ##$$a 813, Chi w =100 ##$$a Childs, Lisa =245 ##$$a With hurt armaya, Lisa Childs =260 ##$$a 2008 $b Jakarta =300 ##$$a 269 hlm, 21 cm =650 ##$$a Sastra Indonesia =850 ##$$a NBPNMAT =990 ##$$a 21602781/BPAP-NTB/2017